The Stefan problem /

Guardado en:
Autor Principal: Rubinshtein, L. I.
Formato: Libro
Idioma:English
Russian
Publicado: Providence, R.I. : American Mathematical Society, 1971.
Series:Translations of mathematical monographs ; v. 27
Materias:
Etiquetas: Agregar Etiqueta
Sin Etiquetas, Sea el primero en etiquetar este registro!
LEADER 00907cam a2200265 a 4500
001 MAT.inmabb006221
008 711102s1971####riu######b####000#0#eng##
005 20160804152306.0
245 1 4 |a The Stefan problem /  |c by L. I. Rubenstein [sic] ; [translated from the Russian by A. D. Solomon]. 
260 |a Providence, R.I. :  |b American Mathematical Society,  |c 1971. 
300 |a viii, 419 p. ;  |c 24 cm. 
440 0 |a Translations of mathematical monographs ;  |v v. 27 
500 |a Traducción de: Problema Stefana. 
504 |a Bibliografía: p. [410]-419. 
510 4 |a MR,  |c 50 #3837 
020 |a 0821815776 
100 1 |a Rubinshtein, L. I. 
240 1 0 |a Problema Stefana.  |l Inglés 
650 0 |a Heat  |x Conduction. 
650 0 |a Boundary value problems. 
084 |a 35R35 (80A22)  |2 msc2000 
010 |a  75168253  
040 |a DLC  |c DLC  |d DLC 
041 1 |a eng  |h rus 
859 |h 35  |i R896  |p A-5633  |b BIB. MATEMATICA